Normal view
MARC view
- العاني،عبد الحميد وآخرون
Entry Personal Name
001 - CONTROL NUMBER
- control field: 56887
003 - CONTROL NUMBER IDENTIFIER
- control field: JO-AjAnu
005 - DATE AND TIME OF LATEST TRANSACTION
- control field: 20230606083323.0
008 - FIXED-LENGTH DATA ELEMENTS
- fixed length control field: 230606|| aca||aabn | a|a d
040 ## - CATALOGING SOURCE
- Original cataloging agency: JO-AjAnu
- Transcribing agency: JO-AjAnu
100 ## - HEADING--PERSONAL NAME
- Personal name: العاني،عبد الحميد وآخرون
670 ## - SOURCE DATA FOUND
- Source citation: Work cat.: (JO-AjAnu)29028: العاني،عبد الحميد وآخرون, author, الإقليم وفق الدستور الحالي: أبحاث نوقشت في ندوة راسم الشهرية